Statistics for Historical Countries by Location #2

Click here to take the quiz!

General Stats

  • This quiz has been taken 16 times
  • The average score is 14 of 20

Answer Stats

HintAnswer% Correct
MazoviaPoland
100%
DanzigPoland
100%
TrierGermany
93%
CochinIndia
93%
VijayanagaraIndia
93%
TlaxcalaMexico
93%
RyukyuJapan
79%
LimburgNetherlands
79%
DagestanRussia
79%
MajapahitIndonesia
71%
CamerinoItaly
64%
LuccaItaly
64%
MerciaUnited Kingdom
64%
LivoniaLatvia
57%
MaguindanaoPhilippines
57%
CahokiaUnited States
57%
NazcaPeru
43%
AyutthayaThailand
43%
TrebizondTurkey
36%
AksumEthiopia
21%

Score Distribution

Percentile by Number Answered

Percent of People with Each Score

Your Score History

You have not taken this quiz